000 00857cam a2200157 4500500
005 20260405001449.0
041 _afre
042 _adc
100 1 0 _aPassot, Agnès
_eauthor
245 0 0 _aDaniil Harms, Œuvres en prose et en vers . Traduit du russe et annoté par Yvan Mignot. Préface de Mikhaïl Iampolski. Verdier, coll. Slovo, 2005, 990 pages, 45,80 €
260 _c2005.
500 _a56
520 _aRésuméJules Verne distingue deux sources aux obstacles, aux réussites, aux échecs et aux succès de l’aventure : les éléments naturels, leur connaissance et leur maîtrise, et les conflits humains qui vont apparaître comme la source la plus réelle de perdition.
786 0 _nÉtudes | 403 | 7 | 2005-07-01 | p. II-II | 0014-1941
856 4 1 _uhttps://shs.cairn.info/revue-etudes-2005-7-page-II?lang=fr&redirect-ssocas=7080
999 _c2047923
_d2047923